000 00664nam a2200193 i 4500
001 115672
003 ES-MaACL
005 20230906190529.0
007 t|
008 070425s1939 sp ||||1| spa d
100 0 _aTorre Enciso, Cipriano.
_9110772
245 1 3 _aLa marcha sobre Barcelona /
_cC. Torre Enciso y D. Muro Zegri.
260 _a[S.l.] :
_bEditora Nacional,
_c[1939] (
_eBarcelona :
_fImp. Sabadell)
300 _a276 p., [1] map. pleg. ;
_c22 cm.
651 4 _aEspaña-
_xHistoria-
_y1936-1939, Guerra civil-
_xCampañas.
_98298
651 4 _aCataluña-
_xHistoria-
_y1936-1939.
_98015
700 1 _aMuro Zegri, D.
_984618
852 _aES-MaACL
_jA-4782
999 _c115672
_d115672